Karl Marx's theory of history : a defence = La teoría de la historia de Karl Marx : una defensa /
Guardado en:
| 主要作者: | |
|---|---|
| 格式: | 未知 |
| 語言: | Spanish English |
| 出版: |
Princeton :
Princeton University Press,
1978.
|
| 主題: | |
| 標簽: |
添加標簽
沒有標簽, 成為第一個標記此記錄!
|
MARC
| LEADER | 000000000a22000000004500 | ||
|---|---|---|---|
| 001 | 014207 | ||
| 008 | 180212b xxu||||| |||| 00| 0 spa d | ||
| 020 | |a 0691071756 | ||
| 041 | 0 | |a eng | |
| 082 | 0 | 4 | |a 335.411 |b M392c |
| 100 | 1 | |a Cohen, G. A. |c (Gerald Allan), |d 1941-2009. | |
| 245 | 1 | 0 | |a Karl Marx's theory of history : |b a defence = La teoría de la historia de Karl Marx : una defensa / |c G. A. Cohen. |
| 246 | 3 | 1 | |a La teoría de la historia de Karl Marx : una defensa |
| 260 | 1 | |a Princeton : |b Princeton University Press, |c 1978. | |
| 300 | |a 369 páginas ; |c 22 cm. | ||
| 500 | |a Donación George Yúdice | ||
| 650 | 4 | |a MATERIALISMO HISTORICO | |
| 942 | |c BK |2 ddc | ||
| 999 | |c 20102 |d 20102 | ||



